000 00697nam a2200241Ia 4500
005 20250425160704.0
008 250425s9999 xx 000 0 und d
041 _aspa
043 _aec
082 _a614
110 _aESCUELA SUPERIOR POLITECNICA DEL LITORAL
245 0 _aII FORO INTERNACIONAL SOBRE GERENCIA DE SERVICIOS DE SALUD: EL HOSPITAL DEL SIGLO XXI MEMORIAS
250 _a1A ED.
260 _aEcuador
_bESCUELA SUPERIOR POLITECNICA DEL LITORAL ESPOL
_c1998
260 _aGUAYAQUIL
300 _a153
500 _aMEMORIAS
650 _aGESTION DE PROYECTOS
650 _aGESTION DE SERVICIOS DE SALUD
650 _aHOSPITALES-SIGLOXXI
942 _c01
010 _a2338
999 _c194133
_d194133